Southville International School and Colleges
Your cart is empty.
  • Cart
  • Lists
    Public lists Eva Luna New books Lux_list list_1
    Your lists Log in to create your own lists
  • Log in to your account
  • Your cookies
  • Search history
Southville International School and Colleges
  • Advanced search
  • Recent comments
  • Most popular
  • Libraries

Log in to your account

Log in with GOOGLE


If you do not have an external account, but do have a local account, you can still log in:

  1. Home
  2. MARC view: Aesop's Fables :
Normal view MARC view ISBD view

Aesop's Fables : (Record no. 247987)

[ view plain ]
MARC details
000 -LEADER
fixed length control field 00956cam a22002773a 4500
001 - CONTROL NUMBER
control field 18732
003 - CONTROL NUMBER IDENTIFIER
control field PGUSA
005 - DATE AND TIME OF LATEST TRANSACTION
control field 20140828083410.0
008 - FIXED-LENGTH DATA ELEMENTS--GENERAL INFORMATION
fixed length control field 060701s2006||||xxu|||||s|||||000 | eng d
040 ## - CATALOGING SOURCE
Original cataloging agency PGUSA
Language of cataloging eng
042 ## - AUTHENTICATION CODE
Authentication code dc
050 #4 - LIBRARY OF CONGRESS CALL NUMBER
Classification number PA
100 1# - MAIN ENTRY--PERSONAL NAME
Personal name Aesop
245 10 - TITLE STATEMENT
Title Aesop's Fables :
Remainder of title A New Revised Version From Original Sources
Medium [electronic resource] /
Statement of responsibility, etc Aesop
260 ## - PUBLICATION, DISTRIBUTION, ETC. (IMPRINT)
Name of publisher, distributor, etc Project Gutenberg,
Date of publication, distribution, etc 2006
500 ## - GENERAL NOTE
General note See also the early planned PG version #28, and comprehensive versions PG#21 tr. by George Fyler Townsend, and PG#11339 tr. by V. S. Vernon Jones.
506 ## - RESTRICTIONS ON ACCESS NOTE
Terms governing access Public domain in the USA.
516 ## - TYPE OF COMPUTER FILE OR DATA NOTE
Type of computer file or data note Electronic text
653 ## - INDEX TERM--UNCONTROLLED
Uncontrolled term Fables, Greek -- Translations into English
700 1# - ADDED ENTRY--PERSONAL NAME
Personal name Tenniel, John,
Dates associated with a name 1820-1914
700 1# - ADDED ENTRY--PERSONAL NAME
Personal name Weir, Harrison,
Dates associated with a name 1824-1906
700 1# - ADDED ENTRY--PERSONAL NAME
Personal name Griset, Ernest Henry,
Dates associated with a name 1844-1907
830 #0 - SERIES ADDED ENTRY--UNIFORM TITLE
Uniform title Project Gutenberg
Volume number/sequential designation 18732
856 40 - ELECTRONIC LOCATION AND ACCESS
Uniform Resource Identifier <a href="http://www.gutenberg.org/ebooks/18732">http://www.gutenberg.org/ebooks/18732</a>
942 ## - ADDED ENTRY ELEMENTS (KOHA)
Koha item type eBooks
Holdings
Withdrawn status Lost status Damaged status Home library Current library Date acquired Total Checkouts Date last seen Price effective from Koha item type
      Project Gutenberg Project Gutenberg 08/28/2014   08/28/2014 08/28/2014 eBooks

Aesop's Fables :

APA

Aesop, Tenniel J., Weir H. & Griset E. H. (2006). Aesop's Fables. : Project Gutenberg.

Chicago

Aesop, Tenniel John, Weir Harrison and Griset Ernest Henry. 2006. Aesop's Fables. : Project Gutenberg.

Harvard

Aesop, Tenniel J., Weir H. and Griset E. H. (2006). Aesop's Fables. : Project Gutenberg.

MLA

Aesop, Tenniel John, Weir Harrison and Griset Ernest Henry. Aesop's Fables. : Project Gutenberg. 2006.

  • Place hold
  • Print
  • Cite
  • Add to your cart (remove)
  • Save record
    BIBTEX Dublin Core MARCXML MARC (non-Unicode/MARC-8) MARC (Unicode/UTF-8) MARC (Unicode/UTF-8, Standard) MODS (XML) RIS
  • More searches
    Search for this title in:
    Other Libraries (WorldCat) Other Databases (Google Scholar) Online Stores (Bookfinder.com) Open Library (openlibrary.org)

Exporting to Dublin Core...

SOUTHVILLE LIBRARY

Southville International School and Colleges Library

1281 Tropical Ave. Cor. Luxembourg St., BF Homes International, Las Pinas City

Tel. No. 8256374 / 252358 Loc. 117/146

Powered by Koha